[Event "SJNR-ch U16"]
[Site "Kranenburg"]
[Date "2005.01.04"]
[Round "4"]
[White "Zoglowek, Sven"]
[Black "Peters, Dennis"]
[Result "1-0"]
[WhiteElo "1605"]
[BlackElo "1279"]
[PlyCount "55"]
[EventDate "2005.01.02"]
[EventType "swiss"]
[EventRounds "7"]
[EventCountry "GER"]
[SourceTitle "EXT 2007"]
[Source "ChessBase"]
[SourceDate "2006.11.23"]
[SourceVersion "1"]
[SourceVersionDate "2006.11.23"]
[SourceQuality "1"]

1. d4 Nf6 2. c4 c5 3. d5 b5 4. a4 bxc4 5. Nc3 d6 6. e4 g6 7. Bxc4 Bg7 8. Nge2 Nbd7 9. f4 Nb6 10. Bb5+ Bd7 11. Bxd7+ Nfxd7 12. a5 Nc4 13. Qa4 Nxb2 14. Bxb2 Rb8 15. Qc2 0-0 16. 0-0 Nf6 17. Ng3 Ng4 18. Rf3 Bd4+ 19. Kh1 e5 20. Nd1 Qh4 21. h3 exf4 22. Bxd4 cxd4 23. Rxf4 Qxg3 24. Rxg4 Qe1+ 25. Kh2 Rfc8 26. Qf2 Qb4 27. Qf6 Rc2 28. e5 1-0